| 000 | 01127nam a2200289Ia 4500 | ||
|---|---|---|---|
| 003 | OSt | ||
| 005 | 20200716153732.0 | ||
| 008 | 191128s2003 ck gr 000 0dspa d | ||
| 020 | _a9586824616 | ||
| 040 |
_aCO-JMCR _cCO-JMCR |
||
| 041 | 0 | _aspa | |
| 082 | 0 | 4 |
_a330.9861 / _bG537c _223 |
| 100 | 1 |
_aGiugale, Marcelo M., _eautor _97397 |
|
| 245 | 0 |
_aColombia : _bfundamentos económicos de la paz / _cMarcelo M. Giugale, Olivier Lafourcade, Connie Luff editores |
|
| 250 | _aPrimera edición | ||
| 260 |
_aBogotá : _bBanco Mundial : Alfaomega, _c2003. |
||
| 300 |
_alxxxii, 882 páginas ; _c24 cm. |
||
| 504 | _aBbiliografía al final de cada capítulo | ||
| 505 | 0 | _aNotas temáticas -- Hacia un desarrollo rápido y sostenible -- Compartir los frutos del desarrollo con todos los colombianos -- Construir un gobierno de calidad | |
| 650 | 1 | 4 |
_aDesarrollo sostenible _97398 |
| 650 | 2 | 4 |
_aPaz _zColombia _97399 |
| 650 | 2 | 4 |
_a Violencia _zColombia _97400 |
| 650 | 2 | 4 |
_aAspectos económicos _zColombia _97246 |
| 700 | 1 |
_aLafourcade, Oliver, _eeditor _97401 |
|
| 700 | 1 |
_aLuff, Connie, _eeditora _97402 |
|
| 942 |
_2ddc _cBK |
||
| 999 |
_c5593 _d5593 |
||